MARC

LEADER 00000nam0a2200000 4500
001 91252
005 20231031103953.0
035 |a (RuTPU)RU\TPU\book\97836 
090 |a 91252 
100 |a 20060221d1970 km y0rusy50 ca 
101 0 |a rus 
102 |a RU 
105 |a a z 001zy 
200 1 |a Планирование энергопотребления на промышленном предприятии  |f Ю. Б. Клюев 
210 |a Москва  |c Энергия  |d 1970 
215 |a 120 с.  |c ил. 
320 |a Библиогр.: с. 116-117. 
610 1 |a промышленные предприятия 
610 1 |a энергопотребление 
610 1 |a планирование 
610 1 |a математические методы 
610 1 |a анализ 
610 1 |a топливно-энергетический баланс 
610 1 |a модели 
675 |a 658.2  |v 3 
700 1 |a Клюев  |b Ю. Б.  |g Юрий Борисович 
801 1 |a RU  |b 63413507  |c 20060221  |g PSBO 
801 2 |a RU  |b 63413507  |c 20160429  |g PSBO 
942 |c BK